00670nam a2200241 a 4500001001300000003000900013005001700022008004100039020002300080082001500103100001600118245002200134260002800156300000900184500003500193505001000228650002600238700001600264902000800280942000700288952011600295999001700411nice12345678IN_TiNIC20260116014216.0050524s2004 dela grp 000 0 eng  a8178299 c19500a305.3bTAZ aTazi, Nadia aKeywordsb Gender aDelhi bSage Pub c2004 a167p aincludes index and biblioraphy2 aIndex aGender Discrimination1 aTazi, Nadia bSRS cBK 001040708StackRoom-aHMIbHMId2008-06-26g195.00l0o305.3 TAZp020989r2008-06-26v195.00w2005-05-24yBK c14334d14334